00654nam a2200205 a 450000100060000000300090000600800410001502000150005604000280007108200170009910000200011624500260013626000360016230000110019849000470020959001360025665000270039294200120041999900170043121455CO-ViMGA141112s2004 ck r 000 u spa d a846701511X aCO-ViMGAbspacCO-ViMGA04aA863.6 S111s1 aSabato, Ernesto10aSobre heroes y tumbas aMadrid : bEspasa Calpe, c1961 a543 p. aBiblioteca hispanoAméricana del siglo XX aForma de adquisición : Compra fact. 0866 - - Precio : 36000 - - Proveedor : Temas y libros - - Fecha de adquisición : Mayo 200714aNOVELA ARGENTINA92131 2ddccBK c30064d30064